000 00849cab a2200277 4500
001 WB3314-15
008 090401t1997 xxu||||| |||| 00| 0 eng d
035 _a(Sirsi) u77704
041 _aeng
245 _aSupport for car shopping
260 _c1997
350 _a0
490 _aEstates Gazette
_v(9714) 5 April 1997, 47(1)
520 _aA controversial new report "What Makes for a Successful City Centre?" from the National Retail Planning Forum urges councils to give support to shoppers who travel by car.
650 _aCARS
650 _aNATIONAL RETAIL PLANNING FORUM
650 _aNRPF
650 _aPARKING
650 _aPUBLIC TRANSPORT
650 _aSHOPPING
650 _aTOWN CENTRE SHOPPING
650 _aTRANSPORT
690 _aPROPERTY-COMMERCIAL PROPERTY-RETAIL PROPERTY
942 _n0
948 _c11/04/1997
999 _c48845
_d48845